#1 Youtubeur Français en image - Statistiques

Statistiques générales
  • Ce quiz a été pris 205 fois
  • Le résultat moyen est 14 sur 16
Statistiques - réponses
Par images Réponse % Correct
squeezie
98%
inoxtag
95%
mcfly et carlito
95%
tibo inshape
95%
Cyprien
94%
amixem
92%
joyca
92%
mastu
90%
lebouseuh
89%
seb la frite
89%
maghla
87%
lena situations
85%
gotaga
84%
natoo
84%
enjoyphoenix
69%
hugoposé
65%
Aucun quiz correspondant
Distribution des résultats
% des personnes avec chaque résultat
Percentile par nombre de réponses
Votre historique - résultats
Vous n’avez pas pris ce quiz